000 01757nam a2200325Ia 4500
999 _c54667
_d54667
001 21734
003 GE_BSU
005 20220204121947.0
008 181216s2003||||ge |||||||||||||| ||geo||
020 _a9992879890
040 _cGE_BSU
041 _ageo
080 _a811.353.1'282(063) ქ-84
245 _aქუთაისური საუბრები-X სიმპოზიუმის მასალები :
_bსიმპოზიუმის ძირითადი თემა - დიალექტი, ენა, კულტურა, ქართველოლოგიური პრობლემები /
_cრედ. ტარიელ ფუტკარაძე.
264 _aქუთაისი :
_bქუთაისის სახ. უნ-ტი,
_c2003.
300 _a175 გვ. ;
_c20 სმ.
500 _aეძღვნება ქუთაისის სიონის (ბაგრატის) ტაძრის 1000 წლისთავს
500 _a
541 _h10 ლ.
546 _aთავფურცელი ქართულ და ინგლისურ ენებზე
653 _aდიალექტი
653 _aენა
653 _a კულტურა
653 _aქართველოლოგიური პრობლემები
653 _aსიმპოზიუმის მასალები
653 _aქუთაისის სიონის (ბაგრატის) ტაძრის 1000 წლისთავი.
653 _aქუთაისური საუბრები
700 _aფუტკარაძე, ტარიელ
_eრედაქტორი
_9128
942 _cBK
_2udc